000 00533nam a2200193 a 4500
005 20140310183152.0
008 021107s19uu xx 00 eng d
020 _a9712332543
050 _aTK 5105.888
_b.M277 2001
100 _aMangilit, Joel R.
245 _aSecrets of designing websites /
_cJoel R. Mangilit.
260 _aManila :
_bREX Book Store,
_c2001.
300 _a112 p. :
_bill. col. ;
_c25 cm.
521 _aIT
650 _aElectronic commerce
650 _aWeb sites
942 _cBK
_2lcc
_kLOC
999 _c19667
_d19667